000 00668nam a22002777a 4500
005 20251212143109.0
008 150304b2009 xxu||||| |||| 00| 0 spa d
020 _a9789682432972
041 _aESP
082 _a363.728.2 A283r
100 _aAguilar Rivero, Margot
_928674
245 _aReciclamiento de basura
260 _aMéxico
260 _bTrillas
260 _c2009
300 _a106 páginas
490 _aTurismo
650 _aRECICLAJE
650 _aBASURA
650 _aRESIDUOS SOLIDOS
650 _aTÉCNICAS PARA EL MANEJO
650 _aIMPACTO AMBIENTAL
650 _aSALUD
650 _aPRODUCTOS RECICLABLES
942 _cBK
_2ddc
999 _c3636
_d3636